Statistics for One-Name Musical Acts A-Z

Click here to take the quiz!

General Stats

  • This quiz has been taken 749 times
  • The average score is 17 of 26

Answer Stats

SongsMusical Act% Correct
ADancing Queen | Super TrouperABBA
97%
QBohemian Rhapsody | Bicycle RaceQueen
97%
SHips Don't Lie | Waka WakaShakira
93%
MMaterial Girl | La Isla BonitaMadonna
92%
RDiamonds | UmbrellaRihanna
92%
TAfrica | Hold the LineToto
90%
ELove Yourself | Rap GodEminem
87%
PGangnam Style | GentlemanPSY
84%
WWake Me Up Before You Go Go |
Everything She Wants
Wham!
79%
JDon't Stop Believin' | FaithfullyJourney
78%
KTik Tok | We R Who We RKesha
76%
LRoyals | Tennis CourtLorde
76%
CIf I Could Turn Back Time | BelieveCher
73%
OMs. Jackson | Hey Ya!Outkast
69%
GSomebody That I Used to Know |
Eyes Wide Open
Gotye
66%
HTake Me to Church | Someone NewHozier
64%
DThe Motto | God's PlanDrake
63%
UYeah! | My BooUsher
59%
NHow You Remind Me | RockstarNickelback
54%
FKilling Me Softly | Ready or NotFugees
51%
INeed You Tonight | Devil InsideINXS
38%
VWe Like to Party |
Boom, Boom, Boom, Boom!!
Vengaboys
33%
XSAD! | Look at Me!XXXTentacion
31%
ZStay | ClarityZedd
29%
BBoy with Luv | Fake LoveBTS
19%
YDon't Go | Only YouYazoo
19%

Score Distribution

Percentile by Number Answered

Percent of People with Each Score

Your Score History

You have not taken this quiz